| 000 | 00461nam a2200169 4500 | ||
|---|---|---|---|
| 001 | 111424 | ||
| 003 | ES-MaACL | ||
| 005 | 20230906185310.0 | ||
| 007 | t| | ||
| 008 | 061121s1913 bl r ||||1| por d | ||
| 100 | 1 |
_aOliveira, Alberto de. _986790 |
|
| 245 | 1 | 0 |
_aPoesías / _cAlberto de Oliveira. |
| 260 |
_aRío de Janeiro : _b[s.n.], _c1913. |
||
| 300 |
_a299 p. ; _c18 cm. |
||
| 505 | 8 | _aContiene: Terceira serie (1904-1911) | |
| 852 |
_aES-MaACL _jD-5153 |
||
| 999 |
_c111424 _d111424 |
||